Which State? Multiple Choice Quiz #2 - Statistics

General Stats
  • This quiz has been taken 207 times
  • The average score is 4 of 10
Answer Stats
Question Answer % Correct
Has the highest average elevation? Colorado
100%
Is the largest producer of almonds? California
50%
Has the highest average income? Maryland
50%
Is home to the largest pumpkin in the world? New Hampshire
50%
Has the lowest cost of living? Mississippi
25%
Eats the most meat? Montana
25%
Has the most oil reserves? North Dakota
25%
Is the largest producer of wind energy? Texas
25%
Has the lowest GDP? Vermont
25%
Contains the largest national park in the United States? Alaska
0%
No matching quizzes found
Score Distribution
Percent of People with Each Score
Percentile by Number Answered
Your Score History
You have not taken this quiz